| 000 | 00674nam a22002057a 4500 | ||
|---|---|---|---|
| 005 | 20161109111528.0 | ||
| 010 | _aENG-116487 | ||
| 020 |
_a9788125061601 _c2500.00 |
||
| 035 | _aEN-100019 | ||
| 037 | _bDBAD/PUB | ||
| 082 | _a954.0049481 | ||
| 100 | _aChhabra, Tarun | ||
| 245 |
_aThe toda landscape : _cby Tarun Chhabra ; foreword by Anthony R. Walker _bexploration in cultural ecology / |
||
| 260 |
_aNew Delhi _bOrient Black Swan _c2015 |
||
| 270 |
_a1/24 Asaf Ali Road _bNew Delhi _e110002 |
||
| 300 |
_aIxxiii,543p. : _c24cm (pbk) _bill (col.) |
||
| 500 | _aIncludes index | ||
| 700 | _aWalker, Anthony R. | ||
| 942 |
_2ddc _cEN _h954.0049481 _mCHH |
||
| 999 |
_c104541 _d104541 |
||